=LDR 00000nam 2200000 4500 =001 INLIS000000000014659 =005 20130612105934 =008 ***********************************Ind** =035 ##$$0010-061300000014659 =041 ##$$a Ind =082 ##$$a 658.3 =090 ##$$a 658.3, art p =100 ##$$a artoyo, A.R =245 ##$$a Pengadaan dan pembinaan tenaga kerja perusahaan, A.R. artoyo =260 ##$$a 1986 $b Jakarta =300 ##$$a 75 hlm, Ilus, 21 cm =650 ##$$a Manajemen Personali =850 ##$$a NBPNMAT